[Event "Aeroflot Open B 2015"]
[Site "Moscú RUS"]
[Date "2015.04.02"]
[Round "7.1"]
[White "Gordievsky, Dmitry"]
[Black "Kotanjian, Tigran"]
[Result "1/2-1/2"]
[WhiteElo "2472"]
[BlackElo "2482"]
[PlyCount "139"]
[EventDate "2015.03.27"]
[EventType "swiss"]
[EventRounds "9"]
[EventCountry "RUS"]
[Source "lmi"]
[SourceDate "2015.03.27"]

1. d4 g6 2. c4 Bg7 3. Nf3 c5 4. d5 d6 5. e4 e5 6. Nc3 Ne7 7. Be2 h6 8. h4 h5 9.
g3 Nd7 10. Ng5 Nf6 11. a3 O-O 12. b4 b6 13. O-O Nh7 14. Rb1 Nxg5 15. hxg5 f5
16. gxf6 Bxf6 17. bxc5 bxc5 18. Kg2 Kg7 19. Be3 Rh8 20. Rh1 Ng8 21. Qd2 Nh6 22.
f3 Nf7 23. Nd1 Bd7 24. Nf2 Rb8 25. Rxb8 Qxb8 26. Qc2 h4 27. Rb1 Qc7 28. gxh4
Bxh4 29. Rh1 Qd8 30. Qd2 Qb8 31. Nd3 Bf6 32. Rxh8 Qxh8 33. Nf2 Qd8 34. Nd3 g5
35. Qb2 Bc8 36. Kf2 Qc7 37. Qb3 Nh8 38. Bd2 Bd7 39. Ke1 Ng6 40. Nf2 Nf4 41. Bf1
Qb6 42. Qxb6 axb6 43. Be3 Ba4 44. Nd1 Kg6 45. Nc3 Bd7 46. Nb5 Be7 47. Kd2 Kh5
48. a4 g4 49. fxg4+ Kxg4 50. Be2+ Nxe2 51. Kxe2 Kg3 52. Bd2 Bg4+ 53. Kd3 Kf2
54. Kc2 Be2 55. Kb3 Bd1+ 56. Ka3 Ke2 57. a5 bxa5 58. Bxa5 Kd3 59. Bc7 Kxc4 60.
Nxd6+ Bxd6 61. Bxd6 Kd4 62. Kb2 Bf3 63. Bc7 Bxe4 64. d6 Bf5 65. Kc1 e4 66. Bd8
e3 67. Bh4 Kd3 68. Bg3 Ke2 69. Bh4 c4 70. Bg3 1/2-1/2

[Event "Aeroflot Open B 2015"]
[Site "Moscú RUS"]
[Date "2015.04.02"]
[Round "7.2"]
[White "Sarana, Alexey"]
[Black "Lin, Chen"]
[Result "1/2-1/2"]
[WhiteElo "2419"]
[BlackElo "2448"]
[PlyCount "86"]
[EventDate "2015.03.27"]
[EventType "swiss"]
[EventRounds "9"]
[EventCountry "RUS"]
[Source "lmi"]
[SourceDate "2015.03.27"]

1. d4 d5 2. c4 c6 3. Nf3 Nf6 4. Nc3 a6 5. Qc2 dxc4 6. e4 b5 7. b3 cxb3 8. axb3
e6 9. Bd3 Bb7 10. O-O Nbd7 11. e5 Nd5 12. Nxd5 cxd5 13. Bxh7 Rc8 14. Qb1 Be7
15. Bd2 b4 16. Bd3 Qb6 17. Rc1 O-O 18. Bh7+ Kh8 19. Qd3 Rfe8 20. Qb1 a5 21. h4
Ba6 22. Bd3 Rxc1+ 23. Bxc1 Nf8 24. Bd2 Rc8 25. Qf1 Bxd3 26. Qxd3 Kg8 27. g3 Bd8
28. Kg2 Qc6 29. Qe3 Qb5 30. h5 Nh7 31. Ra2 Ra8 32. Ne1 Rc8 33. Nd3 Bb6 34. f4
Qd7 35. Ne1 f5 36. Qd3 Qe8 37. Nf3 Bd8 38. Qa6 Qd7 39. Ne1 Nf8 40. Nd3 Rc6 41.
Qb5 Rc8 42. Qa6 Rc6 43. Qb5 Rc8 1/2-1/2

[Event "Aeroflot Open B 2015"]
[Site "Moscú RUS"]
[Date "2015.04.02"]
[Round "7.3"]
[White "Rozum, Ivan"]
[Black "Kovalev, Vladislav"]
[Result "0-1"]
[WhiteElo "2545"]
[BlackElo "2531"]
[PlyCount "74"]
[EventDate "2015.03.27"]
[EventType "swiss"]
[EventRounds "9"]
[EventCountry "RUS"]
[Source "lmi"]
[SourceDate "2015.03.27"]

1. d4 Nf6 2. c4 c5 3. d5 e6 4. Nc3 exd5 5. cxd5 d6 6. e4 g6 7. Bd3 Bg7 8. h3
O-O 9. Nf3 b5 10. O-O c4 11. Bc2 b4 12. Ne2 Re8 13. Ng3 Nbd7 14. Be3 Nc5 15. e5
Nfd7 16. exd6 Qf6 17. Qd4 Qxd6 18. Qh4 Qf6 19. Qxf6 Bxf6 20. Nd4 Bb7 21. Rad1
Be5 22. Nc6 b3 23. axb3 cxb3 24. Bb1 Bxb2 25. Ne2 a5 26. Rd2 Bf6 27. Rc1 Rxe3
28. fxe3 a4 29. Ned4 a3 30. Ba2 bxa2 31. Rxa2 Ne4 32. Nb5 Bb2 33. Rc2 Kg7 34.
Nc7 Ra4 35. Nd8 Ba6 36. Kh2 Be5+ 37. Kh1 Bc4 0-1

[Event "Aeroflot Open B 2015"]
[Site "Moscú RUS"]
[Date "2015.04.02"]
[Round "7.4"]
[White "Neelotpal, Das"]
[Black "Bortnyk, Olexandr"]
[Result "1-0"]
[WhiteElo "2446"]
[BlackElo "2543"]
[PlyCount "65"]
[EventDate "2015.03.27"]
[EventType "swiss"]
[EventRounds "9"]
[EventCountry "RUS"]
[Source "lmi"]
[SourceDate "2015.03.27"]

1. e4 Nf6 2. e5 Nd5 3. d4 d6 4. Nf3 g6 5. Bc4 Nb6 6. Bb3 Bg7 7. O-O O-O 8. h3
Nc6 9. Qe2 Na5 10. Nc3 Bf5 11. Bg5 Nxb3 12. exd6 Qxd6 13. axb3 f6 14. Bh4 a6
15. Rfe1 Rae8 16. Bg3 Qd7 17. Ra5 c6 18. Ne4 Nd5 19. c4 Nc7 20. Rxf5 gxf5 21.
Nc5 Qc8 22. Bxc7 Qxc7 23. Ne6 Qa5 24. Nh4 Rf7 25. c5 f4 26. Nf5 f3 27. Qd1 Kh8
28. Re4 Rg8 29. Qxf3 Bf8 30. Kh2 Rg6 31. Qh5 Qb4 32. Nxf8 Rxf8 33. Rxe7 1-0

[Event "Aeroflot Open B 2015"]
[Site "Moscú RUS"]
[Date "2015.04.02"]
[Round "7.5"]
[White "Yudin, Sergei"]
[Black "Yilmazyerli, Mert"]
[Result "1-0"]
[WhiteElo "2534"]
[BlackElo "2464"]
[PlyCount "67"]
[EventDate "2015.03.27"]
[EventType "swiss"]
[EventRounds "9"]
[EventCountry "RUS"]
[Source "lmi"]
[SourceDate "2015.03.27"]

1. e4 g6 2. d4 Bg7 3. c3 d6 4. Bd3 Nf6 5. Nf3 O-O 6. O-O Nc6 7. d5 Nb8 8. c4 c6
9. Nc3 e6 10. dxe6 Bxe6 11. h3 Na6 12. Be3 Re8 13. Nd4 Bd7 14. Re1 Nc5 15. f3
Nh5 16. Bf1 Be5 17. Qd2 Qf6 18. Nce2 Ne6 19. Nxe6 Bxe6 20. f4 Bxb2 21. e5 Bxe5
22. fxe5 dxe5 23. Bg5 Qg7 24. g4 Nf6 25. Bh6 Qh8 26. Nc3 Rad8 27. Qf2 Bxg4 28.
Rab1 b6 29. hxg4 Nxg4 30. Qh4 Nxh6 31. Qxh6 Qg7 32. Qxg7+ Kxg7 33. Rbd1 Rxd1
34. Rxd1 1-0

[Event "Aeroflot Open B 2015"]
[Site "Moscú RUS"]
[Date "2015.04.02"]
[Round "7.6"]
[White "Sivuk, Vitaly"]
[Black "Badmatsyrenov, Oleg"]
[Result "0-1"]
[WhiteElo "2527"]
[BlackElo "2468"]
[PlyCount "66"]
[EventDate "2015.03.27"]
[EventType "swiss"]
[EventRounds "9"]
[EventCountry "RUS"]
[Source "lmi"]
[SourceDate "2015.03.27"]

1. d4 Nf6 2. Nf3 c5 3. d5 e6 4. Nc3 b5 5. Bg5 b4 6. Ne4 Bb7 7. c4 bxc3 8. Bxf6
gxf6 9. Nxc3 f5 10. e3 Bg7 11. Bc4 O-O 12. Qd2 Na6 13. Rd1 Nb4 14. d6 Qf6 15.
a3 Nc6 16. Be2 Rfc8 17. O-O Rab8 18. Ne1 Na5 19. f4 Nb3 20. Qd3 c4 21. Qc2 Qd8
22. Bh5 Nc5 23. Qf2 Ne4 24. Nxe4 Bxe4 25. Rd2 Rb3 26. Nf3 Bxf3 27. gxf3 Qb6 28.
Kh1 Rxb2 29. Rg1 Rb1 30. Qh4 Rxg1+ 31. Kxg1 Qxe3+ 32. Rf2 Bd4 33. Bxf7+ Kh8 0-1

[Event "Aeroflot Open B 2015"]
[Site "Moscú RUS"]
[Date "2015.04.02"]
[Round "7.7"]
[White "Evdokimov, Alexander A"]
[Black "Abdyjapar, Asyl"]
[Result "1-0"]
[WhiteElo "2505"]
[BlackElo "2400"]
[PlyCount "69"]
[EventDate "2015.03.27"]
[EventType "swiss"]
[EventRounds "9"]
[EventCountry "RUS"]
[Source "lmi"]
[SourceDate "2015.03.27"]

1. d4 Nf6 2. c4 e6 3. g3 d5 4. Nf3 Be7 5. Bg2 dxc4 6. O-O O-O 7. Qc2 a6 8. Qxc4
b5 9. Qc2 Bb7 10. Bd2 Nc6 11. e3 Nb4 12. Bxb4 Bxb4 13. a3 Be7 14. Nbd2 Qd6 15.
Rfc1 Rfc8 16. Nb3 Be4 17. Qe2 Qb6 18. Nc5 Bxc5 19. Rxc5 Nd7 20. Rc3 c5 21. Rac1
h6 22. Ne5 Bxg2 23. Nxd7 Qb7 24. Nxc5 Rxc5 25. dxc5 Qc6 26. Rd3 Bf3 27. Qf1 Rc8
28. Rd6 Qb7 29. b4 Qa8 30. Qd3 Be4 31. Qd4 e5 32. Qxe5 Bh1 33. c6 Bxc6 34. Qd4
Qb7 35. Rc5 1-0

[Event "Aeroflot Open B 2015"]
[Site "Moscú RUS"]
[Date "2015.04.02"]
[Round "7.8"]
[White "Khusnutdinov, Rustam"]
[Black "Petrosian, Davit G"]
[Result "1-0"]
[WhiteElo "2490"]
[BlackElo "2382"]
[PlyCount "127"]
[EventDate "2015.03.27"]
[EventType "swiss"]
[EventRounds "9"]
[EventCountry "RUS"]
[Source "lmi"]
[SourceDate "2015.03.27"]

1. e4 e6 2. d4 d5 3. e5 c5 4. c3 Nc6 5. Nf3 Nh6 6. Bd3 cxd4 7. Bxh6 gxh6 8.
cxd4 f6 9. O-O Bg7 10. Bc2 fxe5 11. Nxe5 O-O 12. Qd3 Rf5 13. Nxc6 bxc6 14. Nd2
Bd7 15. Nb3 Bf8 16. Rae1 Qb6 17. f4 Rf7 18. Bd1 a5 19. a4 Rb8 20. Re3 c5 21.
Nxc5 Bxc5 22. dxc5 Qxc5 23. Qc3 Qxc3 24. bxc3 Rb1 25. g3 Kf8 26. Bh5 Rxf1+ 27.
Kxf1 Rf6 28. Bd1 Ke7 29. Ke2 Kd6 30. Kd3 Rf8 31. Re5 Rb8 32. Rh5 Be8 33. Rxh6
Bg6+ 34. Ke3 Rb1 35. Bh5 Be4 36. Bg4 Kc5 37. Rxe6 Rc1 38. f5 h5 39. Bxh5 Bxf5
40. Ra6 Rxc3+ 41. Kf4 Be4 42. Rxa5+ Kd4 43. h4 Rc1 44. Ra8 Rf1+ 45. Kg5 Ke3 46.
Re8 Rf5+ 47. Kh6 Rf6+ 48. Kg5 Rf5+ 49. Kh6 Rf6+ 50. Kg7 Ra6 51. g4 d4 52. g5 d3
53. g6 d2 54. Kf7 Ra7+ 55. Kf8 Kf4 56. Rxe4+ Kxe4 57. g7 Ra8+ 58. Kf7 Ra7+ 59.
Kg6 Ra6+ 60. Kh7 Ra7 61. Kh8 Ra5 62. Bd1 Rh5+ 63. Bxh5 d1=N 64. Bxd1 1-0

[Event "Aeroflot Open B 2015"]
[Site "Moscú RUS"]
[Date "2015.04.02"]
[Round "7.9"]
[White "Abdulov, Orkhan"]
[Black "Potapov, Pavel"]
[Result "1/2-1/2"]
[WhiteElo "2337"]
[BlackElo "2471"]
[PlyCount "69"]
[EventDate "2015.03.27"]
[EventType "swiss"]
[EventRounds "9"]
[EventCountry "RUS"]
[Source "lmi"]
[SourceDate "2015.03.27"]

1. e4 d5 2. exd5 Qxd5 3. Nc3 Qd6 4. d4 Nf6 5. Nf3 g6 6. Nb5 Qb6 7. c4 c6 8. Nc3
Bg7 9. h3 O-O 10. Be2 Nbd7 11. O-O Qc7 12. Be3 b6 13. Qd2 Bb7 14. Bf4 Qd8 15.
Rad1 Re8 16. Qe3 Nf8 17. Rfe1 Ne6 18. Bh2 Qc8 19. b4 Nd7 20. d5 Nef8 21. Ne5
Nxe5 22. Bxe5 Bxe5 23. Qxe5 Nd7 24. Qf4 cxd5 25. Nxd5 e6 26. Ne3 e5 27. Qh4 Qd8
28. Qg4 Bc8 29. Nf5 Rb8 30. c5 bxc5 31. bxc5 Qc7 32. Nd6 Re7 33. Nf5 Re8 34.
Nd6 Re7 35. Nf5 1/2-1/2

[Event "Aeroflot Open B 2015"]
[Site "Moscú RUS"]
[Date "2015.04.02"]
[Round "7.10"]
[White "Petrosyan, Manuel"]
[Black "Yuffa, Daniil"]
[Result "1/2-1/2"]
[WhiteElo "2427"]
[BlackElo "2471"]
[PlyCount "120"]
[EventDate "2015.03.27"]
[EventType "swiss"]
[EventRounds "9"]
[EventCountry "RUS"]
[Source "lmi"]
[SourceDate "2015.03.27"]

1. Nf3 Nf6 2. g3 g6 3. Bg2 Bg7 4. c4 O-O 5. O-O d6 6. Nc3 Nc6 7. Rb1 a5 8. a3
e5 9. d3 Re8 10. Nd2 Nd7 11. b4 axb4 12. axb4 e4 13. Ndxe4 f5 14. b5 Ne7 15.
Ng5 Nf6 16. Qb3 h6 17. c5+ d5 18. Nf3 Be6 19. Bf4 g5 20. Nd4 Bf7 21. Be5 f4 22.
b6 c6 23. gxf4 Ng6 24. Bc7 Qd7 25. fxg5 Nh5 26. Qb4 Qg4 27. e3 hxg5 28. Bg3
Nxg3 29. hxg3 Ne5 30. Rfd1 Qh5 31. Nf5 Nf3+ 32. Kf1 Be6 33. g4 Nh2+ 34. Ke1
Nxg4 35. Nxg7 Qh4 36. Rd2 Kxg7 37. Kd1 Nxf2+ 38. Kc2 Qxb4 39. Rxb4 Ng4 40. Re2
Bf5 41. e4 dxe4 42. Bxe4 Nh6 43. Kb2 Kg6 44. Rg2 Re5 45. Rd4 Nf7 46. Bxf5+ Rxf5
47. Ne4 Rd5 48. Rxd5 cxd5 49. Nc3 Ne5 50. d4 Nc4+ 51. Kb3 Na5+ 52. Kb2 Nc6 53.
Nxd5 Nxd4 54. Kc3 Nc6 55. Re2 g4 56. Ne7+ Nxe7 57. Rxe7 g3 58. c6 bxc6 59. b7
Rb8 60. Re3 Rxb7 1/2-1/2

[Event "Aeroflot Open B 2015"]
[Site "Moscú RUS"]
[Date "2015.04.02"]
[Round "7.11"]
[White "Kryakvin, Dmitry"]
[Black "Paravyan, David"]
[Result "0-1"]
[WhiteElo "2544"]
[BlackElo "2436"]
[PlyCount "100"]
[EventDate "2015.03.27"]
[EventType "swiss"]
[EventRounds "9"]
[EventCountry "RUS"]
[Source "lmi"]
[SourceDate "2015.03.27"]

1. d4 Nf6 2. Nf3 g6 3. Nbd2 Bg7 4. e4 O-O 5. Bd3 d6 6. O-O Nc6 7. c3 e5 8. dxe5
dxe5 9. Nc4 Nh5 10. g3 a5 11. a4 h6 12. Ne3 Be6 13. Bc4 Bxc4 14. Nxc4 Qe8 15.
b3 Qe6 16. Nh4 Rfd8 17. Qe2 Rd7 18. Ra2 Rad8 19. Rd2 Rxd2 20. Bxd2 Nf6 21. Rd1
Bf8 22. f3 b6 23. Ng2 Nb8 24. Ne1 Na6 25. Nd3 Nc5 26. Nxc5 Bxc5+ 27. Kg2 h5 28.
Bg5 Rxd1 29. Qxd1 Nd7 30. Bd8 c6 31. Bc7 Kg7 32. h4 f6 33. g4 hxg4 34. fxg4 Kh7
35. Kg3 Kg7 36. Kg2 Kh7 37. Kh3 Qe7 38. Kg3 Qf7 39. Qf3 Qe6 40. Qd1 Qe7 41. h5
gxh5 42. gxh5 b5 43. Nxa5 f5 44. Kh3 Qf7 45. exf5 Nf6 46. Bxe5 Ne4 47. Bg3
Qxf5+ 48. Kg2 Ng5 49. Kh1 Qh3+ 50. Bh2 Ne4 0-1

[Event "Aeroflot Open B 2015"]
[Site "Moscú RUS"]
[Date "2015.04.02"]
[Round "7.12"]
[White "Khanin, Semen"]
[Black "Kharchenko, Boris"]
[Result "0-1"]
[WhiteElo "2408"]
[BlackElo "2514"]
[PlyCount "94"]
[EventDate "2015.03.27"]
[EventType "swiss"]
[EventRounds "9"]
[EventCountry "RUS"]
[Source "lmi"]
[SourceDate "2015.03.27"]

1. e4 d5 2. exd5 Qxd5 3. Nc3 Qd6 4. d4 Nf6 5. Nf3 c6 6. g3 Bg4 7. Bg2 e6 8. O-O
Be7 9. a3 O-O 10. h3 Bxf3 11. Bxf3 Rd8 12. Be3 Nd5 13. Ne2 Nxe3 14. fxe3 Bg5
15. Qd3 Nd7 16. Kg2 Qe7 17. h4 Bh6 18. Rad1 Rac8 19. Qb3 Nb6 20. e4 c5 21. d5
c4 22. Qb4 Qxb4 23. axb4 exd5 24. exd5 c3 25. b3 Bd2 26. Rxd2 cxd2 27. c4 Nxc4
28. bxc4 Rxc4 29. Rd1 Rxb4 30. Rxd2 a5 31. Nc3 Kf8 32. Na2 Rc4 33. Kf2 b5 34.
Ke3 Ke7 35. Kd3 Rdc8 36. Rb2 b4 37. Bd1 Kd6 38. Rf2 R4c5 39. Rf5 g6 40. Rf6+
Ke7 41. Ra6 Rxd5+ 42. Ke2 Rcd8 43. Bb3 Rd2+ 44. Ke1 Rb2 45. Nc1 Rc8 46. Ra7+
Kd8 47. Kd1 Rxc1+ 0-1

[Event "Aeroflot Open B 2015"]
[Site "Moscú RUS"]
[Date "2015.04.02"]
[Round "7.13"]
[White "Kathmale, Sameer"]
[Black "Pavlov, Sergey"]
[Result "1/2-1/2"]
[WhiteElo "2322"]
[BlackElo "2490"]
[PlyCount "39"]
[EventDate "2015.03.27"]
[EventType "swiss"]
[EventRounds "9"]
[EventCountry "RUS"]
[Source "lmi"]
[SourceDate "2015.03.27"]

1. e4 c5 2. c3 d5 3. exd5 Qxd5 4. d4 Nc6 5. Nf3 Bf5 6. Be3 Nf6 7. Na3 e6 8.
dxc5 O-O-O 9. Qxd5 Nxd5 10. Nc4 Nxe3 11. Nxe3 Bxc5 12. Nxf5 exf5 13. Bb5 Rhe8+
14. Kf1 g5 15. Re1 Rxe1+ 16. Kxe1 g4 17. Bxc6 bxc6 18. Nd4 Bxd4 19. cxd4 Rxd4
20. h3 1/2-1/2

[Event "Aeroflot Open B 2015"]
[Site "Moscú RUS"]
[Date "2015.04.02"]
[Round "7.14"]
[White "Hayrapetyan, Hovik"]
[Black "Baghdasaryan, Vahe"]
[Result "0-1"]
[WhiteElo "2465"]
[BlackElo "2400"]
[PlyCount "50"]
[EventDate "2015.03.27"]
[EventType "swiss"]
[EventRounds "9"]
[EventCountry "RUS"]
[Source "lmi"]
[SourceDate "2015.03.27"]

1. c4 c5 2. Nc3 Nc6 3. g3 g6 4. Bg2 Bg7 5. d3 d6 6. e4 Nf6 7. f4 h5 8. h3 Nd4
9. Be3 e5 10. Nf3 h4 11. g4 exf4 12. Bxf4 Nxg4 13. hxg4 Bxg4 14. Rf1 h3 15. Bh1
h2 16. Kd2 Rh3 17. Be3 Nxf3+ 18. Rxf3 Bxf3 19. Bxf3 Qb6 20. Rb1 Bxc3+ 21. bxc3
Qa5 22. Bg5 Qxa2+ 23. Ke3 Qg2 24. Bh6 h1=Q 25. Qa4+ Kd8 0-1

[Event "Aeroflot Open B 2015"]
[Site "Moscú RUS"]
[Date "2015.04.02"]
[Round "7.15"]
[White "Pasiev, Rakhim"]
[Black "Dvalishvili, Pavel S"]
[Result "0-1"]
[WhiteElo "2400"]
[BlackElo "2439"]
[PlyCount "96"]
[EventDate "2015.03.27"]
[EventType "swiss"]
[EventRounds "9"]
[EventCountry "RUS"]
[Source "lmi"]
[SourceDate "2015.03.27"]

1. d4 Nf6 2. Nc3 d5 3. Bf4 e6 4. Nb5 Na6 5. e3 c6 6. Nc3 Nc7 7. Bd3 Bd6 8. Nf3
Bxf4 9. exf4 Qd6 10. Qd2 c5 11. dxc5 Qxc5 12. O-O-O b5 13. Kb1 Bb7 14. Ne5 Rd8
15. f3 Nd7 16. Nxd7 Kxd7 17. f5 e5 18. Qg5 b4 19. Ne2 Kc8 20. Ng3 Ne8 21. Rc1
f6 22. Qg4 Kb8 23. c3 a5 24. Rhd1 Rd7 25. f4 Re7 26. fxe5 fxe5 27. cxb4 Qxb4
28. Qe2 Nf6 29. Ba6 Bxa6 30. Qxa6 Rb7 31. Rc2 Rd8 32. Qe2 e4 33. Qd2 d4 34.
Qxb4 Rxb4 35. Rc5 d3 36. h3 Rd5 37. Rxd5 Nxd5 38. a3 Rd4 39. Nxe4 Ne3 40. Rd2
Rxe4 41. Rxd3 h5 42. Rd7 Nxf5 43. Rd5 g6 44. Rxa5 Re1+ 45. Ka2 Rg1 46. g4 hxg4
47. hxg4 Rxg4 48. b4 Rf4 0-1

[Event "Aeroflot Open B 2015"]
[Site "Moscú RUS"]
[Date "2015.04.02"]
[Round "7.16"]
[White "Tologontegin, Semetey"]
[Black "Krapivin, Alexander"]
[Result "1-0"]
[WhiteElo "2399"]
[BlackElo "2436"]
[PlyCount "67"]
[EventDate "2015.03.27"]
[EventType "swiss"]
[EventRounds "9"]
[EventCountry "RUS"]
[Source "lmi"]
[SourceDate "2015.03.27"]

1. d4 g6 2. e4 Bg7 3. Nc3 c6 4. h3 d6 5. Nf3 Nf6 6. a4 O-O 7. Be2 d5 8. e5 Ne4
9. Nxe4 dxe4 10. Ng5 c5 11. c3 Nc6 12. Be3 cxd4 13. cxd4 Qd5 14. Rc1 Qa5+ 15.
Kf1 Rd8 16. Qb3 e6 17. Rc5 Qb6 18. Qc3 a5 19. Nxe4 Qb4 20. Rc4 Qf8 21. h4 Ne7
22. Bg5 h6 23. Bxe7 Qxe7 24. Nd6 Bd7 25. Rc7 f6 26. Qg3 fxe5 27. dxe5 Rf8 28.
Qxg6 Qd8 29. Rxb7 Rb8 30. Bd3 Rf4 31. g3 Rf3 32. Be4 Rxb7 33. Nxb7 Qf8 34. Qh7+
1-0

[Event "Aeroflot Open B 2015"]
[Site "Moscú RUS"]
[Date "2015.04.02"]
[Round "7.17"]
[White "Harutyunian, Tigran K"]
[Black "Gorbatov, Alexej"]
[Result "1-0"]
[WhiteElo "2445"]
[BlackElo "2372"]
[PlyCount "99"]
[EventDate "2015.03.27"]
[EventType "swiss"]
[EventRounds "9"]
[EventCountry "RUS"]
[Source "lmi"]
[SourceDate "2015.03.27"]

1. c4 c5 2. g3 Nc6 3. Bg2 g6 4. Nc3 Bg7 5. Nf3 b6 6. O-O Bb7 7. e3 Nf6 8. d4
Na5 9. b3 Ne4 10. Bb2 O-O 11. Rc1 f5 12. d5 e6 13. Nd2 Nxc3 14. Bxc3 Bxc3 15.
Rxc3 Qf6 16. Qc1 exd5 17. cxd5 d6 18. Re1 Rae8 19. a3 Bc8 20. b4 Nb7 21. Rb3
Bd7 22. Qc4 Ba4 23. Rd3 b5 24. Qc1 a5 25. bxc5 Nxc5 26. Rd4 Rb8 27. Qb1 b4 28.
axb4 axb4 29. Rc1 b3 30. Rxc5 dxc5 31. Rxa4 Qc3 32. Qd1 Qxd2 33. Qxd2 b2 34.
Bf1 b1=Q 35. d6 Qb2 36. Qd5+ Kh8 37. Ra7 Qf6 38. Qxc5 Rf7 39. Ra6 Rd8 40. d7
Qb2 41. Rd6 Kg7 42. Rd4 Qb8 43. Bb5 h5 44. Rd6 Kh7 45. Qd5 Re7 46. h4 Kh6 47.
Bd3 Kg7 48. Qc6 Kh8 49. Rxg6 Rdxd7 50. Qf6+ 1-0

[Event "Aeroflot Open B 2015"]
[Site "Moscú RUS"]
[Date "2015.04.02"]
[Round "7.18"]
[White "Le, Tuan Minh"]
[Black "Guliyev, Namig"]
[Result "1/2-1/2"]
[WhiteElo "2393"]
[BlackElo "2539"]
[PlyCount "129"]
[EventDate "2015.03.27"]
[EventType "swiss"]
[EventRounds "9"]
[EventCountry "RUS"]
[Source "lmi"]
[SourceDate "2015.03.27"]

1. d4 d5 2. c4 dxc4 3. Nf3 Nf6 4. e3 e6 5. Bxc4 a6 6. O-O b5 7. Bb3 Bb7 8. a4
Nbd7 9. Qe2 b4 10. Nbd2 c5 11. a5 Be7 12. Ne5 O-O 13. Ndf3 Nxe5 14. dxe5 Nd7
15. e4 Qc7 16. Bf4 Nb8 17. Rfd1 Nc6 18. Ba4 Rfd8 19. Bxc6 Bxc6 20. Rdc1 Qb7 21.
Nd2 Bb5 22. Qg4 Rd3 23. Bh6 Bf8 24. h4 Rad8 25. Nf1 Kh8 26. Bg5 R8d4 27. Ng3 c4
28. Re1 Qc7 29. Nh5 c3 30. bxc3 bxc3 31. Nxg7 Qxe5 32. Nh5 f5 33. Qf4 Qxf4 34.
Bf6+ Kg8 35. Nxf4 Kf7 36. Bxd4 Rxd4 37. Ne2 Rc4 38. exf5 exf5 39. Rec1 c2 40.
Ra2 Ba4 41. g3 Bd6 42. Kf1 Ke7 43. Rxa4 Rxa4 44. Rxc2 Rxa5 45. Rb2 Kd7 46. Rb7+
Bc7 47. h5 Rc5 48. Ra7 a5 49. Nf4 Kd6 50. Kg2 Kc6 51. Ne6 Kb6 52. Ra8 Rc6 53.
Nxc7 Rxc7 54. Kf3 Ra7 55. Rxa7 Kxa7 56. Ke3 Kb6 57. f3 Kc5 58. g4 a4 59. Kd3
fxg4 60. fxg4 Kd6 61. g5 Ke6 62. g6 hxg6 63. hxg6 Kf6 64. Kc3 Kxg6 65. Kb4
1/2-1/2

[Event "Aeroflot Open B 2015"]
[Site "Moscú RUS"]
[Date "2015.04.02"]
[Round "7.19"]
[White "Gevorgyan, David"]
[Black "Firat, Burak"]
[Result "0-1"]
[WhiteElo "2386"]
[BlackElo "2478"]
[PlyCount "88"]
[EventDate "2015.03.27"]
[EventType "swiss"]
[EventRounds "9"]
[EventCountry "RUS"]
[Source "lmi"]
[SourceDate "2015.03.27"]

1. d4 Nf6 2. c4 g6 3. Nf3 Bg7 4. Bf4 c5 5. Nc3 cxd4 6. Nxd4 d6 7. Nc2 O-O 8. e4
Nc6 9. Be2 a5 10. O-O a4 11. Qd2 Be6 12. Rad1 Qa5 13. Rfe1 Rfc8 14. Na3 Nb4 15.
Bf1 Nc6 16. Nab5 Na7 17. Nd5 Qxd2 18. Nxe7+ Kf8 19. Rxd2 Kxe7 20. Bxd6+ Ke8 21.
Nc7+ Rxc7 22. Bxc7 Rc8 23. Bb6 Nc6 24. f4 Nd7 25. Bf2 Na5 26. Rc2 Nc5 27. h3 b6
28. g4 Nc6 29. e5 h5 30. gxh5 gxh5 31. Rd2 Bh6 32. Be3 Ne7 33. Rf2 Nf5 34. Bc1
Rd8 35. Rd2 Bd7 36. Rd5 Kf8 37. Red1 Ke7 38. Kh2 Rg8 39. b3 Nh4 40. Bd3 Bc6 41.
f5 Bxd5 42. f6+ Ke8 43. cxd5 Nf3+ 44. Kh1 Nxd3 0-1

[Event "Aeroflot Open B 2015"]
[Site "Moscú RUS"]
[Date "2015.04.02"]
[Round "7.20"]
[White "Kashlinskaya, Alina"]
[Black "Vuilleumier, Alexandre"]
[Result "1-0"]
[WhiteElo "2436"]
[BlackElo "2349"]
[PlyCount "69"]
[EventDate "2015.03.27"]
[EventType "swiss"]
[EventRounds "9"]
[EventCountry "RUS"]
[Source "lmi"]
[SourceDate "2015.03.27"]

1. d4 Nf6 2. c4 e6 3. Nc3 Bb4 4. Qc2 O-O 5. a3 Bxc3+ 6. Qxc3 b6 7. Bg5 Bb7 8.
e3 d6 9. Ne2 Nbd7 10. Qc2 c5 11. Rd1 Qe7 12. Nc3 h6 13. Bh4 Rac8 14. d5 exd5
15. cxd5 a6 16. a4 g5 17. Bg3 Nh5 18. Qe4 Ne5 19. Bxe5 Qxe5 20. Qxe5 dxe5 21.
Ne4 Rcd8 22. Be2 f5 23. Bxh5 fxe4 24. Bg4 Kf7 25. d6 Bc6 26. h4 Bxa4 27. Rd5
Bd7 28. Be2 Ke6 29. Rd2 Bb5 30. hxg5 hxg5 31. Bg4+ Kf6 32. d7 Ke7 33. Rd5 Rf7
34. Rh6 Rdf8 35. d8=Q+ 1-0

[Event "Aeroflot Open B 2015"]
[Site "Moscú RUS"]
[Date "2015.04.02"]
[Round "7.21"]
[White "Lomasov, Semen"]
[Black "Utegaliyev, Azamat"]
[Result "0-1"]
[WhiteElo "2335"]
[BlackElo "2431"]
[PlyCount "106"]
[EventDate "2015.03.27"]
[EventType "swiss"]
[EventRounds "9"]
[EventCountry "RUS"]
[Source "lmi"]
[SourceDate "2015.03.27"]

1. e4 c5 2. Nf3 Nc6 3. Bb5 Qb6 4. Nc3 e6 5. O-O Nge7 6. Re1 d6 7. d4 cxd4 8.
Nxd4 Bd7 9. Be3 Qc7 10. Ba4 Nxd4 11. Qxd4 a6 12. Bxd7+ Qxd7 13. Rad1 Nc6 14.
Qd3 Ne5 15. Qe2 Be7 16. f4 Nc6 17. Qg4 O-O 18. Nd5 Rad8 19. Nxe7+ Qxe7 20. Bb6
Rc8 21. c3 Nb8 22. Bd4 f6 23. f5 Nc6 24. Bf2 Rfe8 25. Bg3 Rcd8 26. h3 b5 27.
Kh2 Rd7 28. Qf4 Red8 29. Qf2 Rb7 30. Qd2 Rbd7 31. Qf2 Rb7 32. Qd2 Qf7 33. fxe6
Qxe6 34. Qd5 Qxd5 35. Rxd5 Rbd7 36. Red1 Na5 37. b3 Nb7 38. c4 bxc4 39. bxc4
Kf7 40. e5 fxe5 41. Bxe5 Rc8 42. Bxd6 Rxc4 43. Bg3 Rxd5 44. Rxd5 Nc5 45. Bf2
Ne6 46. Ra5 Rc6 47. a4 g5 48. Rd5 Kg6 49. Be3 h6 50. a5 Ng7 51. Rd2 Nf5 52. Rb2
Nxe3 53. Rb6 Rf6 0-1

[Event "Aeroflot Open B 2015"]
[Site "Moscú RUS"]
[Date "2015.04.02"]
[Round "7.22"]
[White "Munguntuul, Batkhuyag"]
[Black "Pustovoitova, Daria"]
[Result "1-0"]
[WhiteElo "2426"]
[BlackElo "2339"]
[PlyCount "43"]
[EventDate "2015.03.27"]
[EventType "swiss"]
[EventRounds "9"]
[EventCountry "RUS"]
[Source "lmi"]
[SourceDate "2015.03.27"]

1. e4 c5 2. Nf3 d6 3. d4 cxd4 4. Nxd4 Nf6 5. Nc3 a6 6. Be3 e6 7. Be2 Be7 8. Qd2
b5 9. Bf3 Nfd7 10. e5 d5 11. Nf5 Bf8 12. Nxd5 Nxe5 13. Nb6 Qxd2+ 14. Bxd2 Nxf3+
15. gxf3 Ra7 16. Nxc8 Rd7 17. Ng3 Rc7 18. Nb6 Bc5 19. Bf4 e5 20. Nd5 Rd7 21.
Bxe5 Nc6 22. Bxg7 1-0

[Event "Aeroflot Open B 2015"]
[Site "Moscú RUS"]
[Date "2015.04.02"]
[Round "7.23"]
[White "Golubov, Saveliy"]
[Black "Palit, Somak"]
[Result "1-0"]
[WhiteElo "2362"]
[BlackElo "2415"]
[PlyCount "67"]
[EventDate "2015.03.27"]
[EventType "swiss"]
[EventRounds "9"]
[EventCountry "RUS"]
[Source "lmi"]
[SourceDate "2015.03.27"]

1. e4 c5 2. Nf3 a6 3. b3 e6 4. Bb2 d5 5. Qe2 Nf6 6. exd5 Nxd5 7. Nc3 Nc6 8.
O-O-O Nf6 9. Ne4 Be7 10. d4 cxd4 11. Nxd4 Qc7 12. Nxc6 Qxc6 13. Nxf6+ Bxf6 14.
Bxf6 gxf6 15. Qg4 Bd7 16. Kb1 Rc8 17. Bd3 a5 18. Be4 Qc7 19. Qh4 Ke7 20. Rd2
Qe5 21. Bxb7 Rc7 22. Bf3 Rb8 23. Qxh7 a4 24. Qe4 Qa5 25. Qd4 Rb6 26. g4 e5 27.
Qd5 Qc3 28. Qd3 Qa5 29. Rhd1 Kf8 30. Qe4 Bc6 31. Qh7 Ke7 32. Bxc6 Rbxc6 33. Qg8
Ra7 34. Rd8 1-0